Inserción de la demografía en escuelas de economía: análisis de una experiencia. (F.C.E. - U.N.Cba., R.A.) /
Gardado en:
| Autor Principal: | |
|---|---|
| Outros autores: | |
| Formato: | Texto |
| Publicado: |
San José:
PROLAP. CELADE
|
| Etiquetas: |
Engadir etiqueta
Sen Etiquetas, Sexa o primeiro en etiquetar este rexistro!
|
MARC
| LEADER | 00000 a a2200000 04500 | ||
|---|---|---|---|
| 001 | 21850 | ||
| 003 | |||
| 040 | |||
| 090 | |a 025600 | ||
| 100 | |a Nordio, O. Raúl | ||
| 245 | |a Inserción de la demografía en escuelas de economía: análisis de una experiencia. (F.C.E. - U.N.Cba., R.A.) / |c O. Raúl Nordio | ||
| 260 | |a San José: |b PROLAP. CELADE | ||
| 300 | |a 17 p | ||
| 700 | |a Demarco, Gustavo C. | ||
| 999 | |c 1717 |d 1717 | ||
